Indian Society Themes And Social Issues/ (Record no. 209193)

MARC details
000 -LEADER
fixed length control field 00745nam a22002177a 4500
005 - DATE AND TIME OF LATEST TRANSACTION
control field 20250225161618.0
010 ## - LCCN (DPL NO)
LC control number ENG-143833
020 ## - INTERNATIONAL STANDARD BOOK NUMBER
Terms of availability 450.00
International Standard Book Number 9789364444798
035 ## - SYSTEM CONTROL NUMBER
System control number EN-127365
037 ## - SOURCE OF ACQUISITION
Source of stock number/acquisition DBAD
082 ## - DEWEY DECIMAL CLASSIFICATION NUMBER
Classification number 641.405
Edition number 3 Eddition
100 ## - MAIN ENTRY--PERSONAL NAME
Personal name Hasnain Nadeem
245 ## - TITLE STATEMENT
Title Indian Society Themes And Social Issues/
Statement of responsibility, etc By Nadeem Hussain [and] Aseem Hasnain
250 ## - EDITION STATEMENT
Edition statement Third Eddition
260 ## - PUBLICATION, DISTRIBUTION, ETC. (IMPRINT)
Place of publication, distribution, etc Kolkata
Name of publisher, distributor, etc Mc Graw Hill
Date of publication, distribution, etc 2025
270 ## - ADDRESS
Address 163F Jaigirghat Road , Panchanantala
City Kolkata
Postal code 700063
300 ## - PHYSICAL DESCRIPTION
Extent 333pg.
Dimensions 24cm(pb)
500 ## - GENERAL NOTE
General note For Civil Services And Other State Services Examination
700 ## - ADDED ENTRY--PERSONAL NAME
9 (RLIN) 61951
Personal name Hasnain, Aseem
Relator term Author
942 ## - ADDED ENTRY ELEMENTS (KOHA)
Source of classification or shelving scheme Dewey Decimal Classification
Item type English Books
Call number suffix HAS
Classification part 641.405
Edition 3rd Eddition
Holdings
Withdrawn status Lost status Not for loan Collection code Home library Current library Date acquired Source of acquisition Cost, normal purchase price Full call number Barcode Copy number Cost, replacement price Koha item type
      Non-fiction Central Library Central Library 18/02/2025 Delivery of Books Act Division 450.00 HAS 641.405 EN-127365 1 450.00 English Books

© Delhi Public Library
Hit Counter
free hit counter